Normal view
MARC view
Entry Personal Name
001 - CONTROL NUMBER
- control field: 256099
003 - CONTROL NUMBER IDENTIFIER
- control field: OSt
005 - DATE AND TIME OF LATEST TRANSACTION
- control field: 20260220142106.0
008 - FIXED-LENGTH DATA ELEMENTS
- fixed length control field: 260220|| aca||aabn | a|a d
040 ## - CATALOGING SOURCE
- Original cataloging agency: OSt
- Transcribing agency: OSt
100 ## - HEADING--PERSONAL NAME
- Personal name: Babin, Barry J
670 ## - SOURCE DATA FOUND
- Source citation: Work cat.: (OSt)240932: Hair, Joe F. 256092, Sales and distribution management /, 2024.